| 000 | 00878nab a2200253 u 4500 | ||
|---|---|---|---|
| 001 | 15071 | ||
| 003 | HDC | ||
| 007 | cr bn ---aaaaa | ||
| 008 | 210217c my dr|nes 0 |0eng | ||
| 040 | _aHDC | ||
| 100 |
_aYISWAREE PALANSAMY, _eauthor _915391 |
||
| 245 | 0 |
_aNajib Commits To February 10 For Shariah Index Launch / _cby YISWAREE PALANSAMY |
|
| 260 |
_a[no place] : _b[publisher not identified], _c[no year] |
||
| 336 |
_atext _2rdacontent |
||
| 337 |
_acomputer _2rdamedia |
||
| 338 |
_aonline resource _2rdacarrier |
||
| 650 |
_aIslamic development _915393 |
||
| 650 |
_aShariah index _915392 |
||
| 710 | _aMalay Mail Online | ||
| 856 | _zRequest full-text at [email protected] | ||
| 942 | _2lcc | ||
| 942 | _cNEWS | ||
| 942 | _kNWSO 004609 | ||
| 999 |
_c12387 _d12387 |
||